Circular Economy and Sustainability

Guardado en:
Detalles Bibliográficos
Otros Autores: Stefanakis, Alexandros, Nikolaou, Ioannis
Formato: Libro
Lenguaje:inglés
Publicado: Amsterdam Elsevier 2022
Materias:
Etiquetas: Agregar Etiqueta
Sin Etiquetas, Sea el primero en etiquetar este registro!

MARC

LEADER 00000nam a2200000 4500
001 0279579
005 20240416114142.3
020 |a 978-0-12-819817-9 
041 0 |a eng 
044 |a NL 
245 1 0 |a Circular Economy and Sustainability  |c edited by Alexandros Stefanakis, Ioannis Nikolaou 
264 1 |a Amsterdam  |b Elsevier  |c 2022 
300 |a 674 s. 
610 2 0 |a hospodárstvo obehové 
610 2 0 |a hospodárstvo odpadové 
610 2 0 |a manažment environmentálny 
610 2 0 |a rozvoj trvalo udržateľný 
610 2 0 |a zdroje energie 
610 2 0 |a bioekonomika 
610 2 0 |a modely obchodné 
610 2 0 |a história 
610 2 0 |a evolúcia 
610 2 0 |a politika environmentálna 
610 2 0 |a politika verejná 
610 2 0 |a obstarávanie verejné 
700 1 |a Stefanakis, Alexandros 
700 1 |a Nikolaou, Ioannis